{"text_format":"3","workbook":"xlsx","n_sheets":1,"sheets":["Sheet1"],"not_rendered":{"defined_names":1},"read":"whole","date_system":"1900"}

{"sheet":"Sheet1","index":0,"n_rows":111,"n_cols":15,"rows_kept":111}
["Patients' Number","Inheritance Pattern 1=AR;2=AD;3=XL","Age(m)","Gender M=male; F=female","onset age(m)","onset age 1=≤1m; 2=1m<age≤1y; 3=1y＜age≤3y; 4=3y＜age≤6y; 5=6y＜age≤18y","diagnosis age(m)","interval from onset to genetic diagnosis(m)","interval 1=≤6m; 2= 6m＜t≤1y; 3=1y＜t≤3y ;4=3y＜t≤5y; 5= ＞5y","detecting method","seq method 1=WES;2=Panel;3=sanger","Duration from diagnosis to genetic counseling(m)","referral","geographic area","nationality"]
[1,"AD",31,"M",{"v":3,"d":"3.00"},2,6,{"v":3,"d":"3.00"},1,"panel",2,25,2,"Tianjin","han"]
[2,"AR",18,"M",{"v":7,"d":"7.00"},2,15,{"v":8,"d":"8.00"},2,"wes",1,3,4,"Tianjin","han"]
[3,"AR",101,"F",{"v":3,"d":"3.00"},2,72,{"v":69,"d":"69.00"},5,"wes",1,48,2,"Henan","han"]
[4,"AR",36,"M",{"v":4,"d":"4.00"},2,6,{"v":2,"d":"2.00"},1,"panel",2,5,1,"Hebei","han"]
[5,"AR",30,"M",{"v":3,"d":"3.00"},2,6,{"v":3,"d":"3.00"},1,"panel",2,25,2,"Beijing","han"]
[6,"AR",17,"M",{"v":3,"d":"3.00"},2,9,{"v":6,"d":"6.00"},1,"panel",2,7,"n.a.","Shaanxi","han"]
[7,"AR",40,"M",{"v":13,"d":"13.00"},3,60,{"v":47,"d":"47.00"},4,"panel",2,19,5,"Henan","han"]
[8,"AD",60,"F",{"v":7,"d":"7.00"},2,15,{"v":8,"d":"8.00"},2,"n.a.",null,"n.a.",2,"Hebei","han"]
[9,"AD",22,"M",{"v":6,"d":"6.00"},2,120,{"v":114,"d":"114.00"},5,"panel",2,18,7,"Hunan","han"]
[10,"XLR",45,"M",{"v":8,"d":"8.00"},2,11,{"v":3,"d":"3.00"},1,"wes",1,6,"n.a.","Beijing","han"]
[11,"AR",58,"M",{"v":0.1,"d":"0.10"},1,15,{"v":14.9,"d":"14.90"},3,"panel",2,7,"n.a.","Liaoning","han"]
[12,"AD",37,"F",{"v":0.06666666666666667,"d":"0.07"},1,17,{"v":16.933333333333334,"d":"16.93"},3,"wes",1,9,4,"Gansu","han"]
[13,"XLD",67,"F",{"v":1,"d":"1.00"},1,2,{"v":1,"d":"1.00"},1,"panel",2,"n.a.",6,"Jiangsu","han"]
[14,"XLD",20,"F",{"v":1,"d":"1.00"},1,"n.a.","n.a.",null,"panel",2,15,5,"Guangdong","han"]
[15,"AD",79,"F",{"v":0.03333333333333333,"d":"0.03"},1,72,{"v":71.96666666666667,"d":"71.97"},5,"wes",1,5,"n.a.","Beijing","han"]
[16,"AD",95,"F",{"v":27.333333333333332,"d":"27.33"},3,84,{"v":56.666666666666664,"d":"56.67"},4,"wes",1,6,5,"Beijing","han"]
[17,"AD",74,"F",{"v":9,"d":"9.00"},2,57,{"v":48,"d":"48.00"},4,"panel",2,18,4,"Guangdong","han"]
[18,"AR",99,"F",{"v":73,"d":"73.00"},4,78,{"v":5,"d":"5.00"},1,"wes",1,10,10,"Qinghai","hui"]
[19,"AR",72,"M",{"v":3,"d":"3.00"},2,48,{"v":45,"d":"45.00"},4,"wes",1,1,6,"Beijing","han"]
[20,"XLR",109,"F",{"v":36.5,"d":"36.50"},3,48,{"v":11.5,"d":"11.50"},2,"panel",2,43,3,"Beijing","han"]
[21,"AR",26,"F",{"v":3,"d":"3.00"},2,18,{"v":15,"d":"15.00"},3,"n.a.",null,7,3,"Fujian","han"]
[22,"XLR",37,"F",{"v":3,"d":"3.00"},2,42,{"v":39,"d":"39.00"},4,"wes",1,9,3,"Liaoning","han"]
[23,"AD",54,"F",{"v":16.166666666666668,"d":"16.17"},3,28,{"v":11.833333333333334,"d":"11.83"},2,"wes",1,17,7,"Hebei","han"]
[24,"AR",55,"M",{"v":1,"d":"1.00"},1,53,{"v":52,"d":"52.00"},4,"wes",1,3,4,"Liaoning","han"]
[25,"AD",19,"F",{"v":2,"d":"2.00"},2,30,{"v":28,"d":"28.00"},3,"panel",2,10,3,"Beijing","han"]
[26,"AR",59,"F",{"v":0.03333333333333333,"d":"0.03"},1,72,{"v":71.96666666666667,"d":"71.97"},5,"wes",1,0.5,3,"Shanghai","han"]
[27,"AR",156,"M",{"v":16.166666666666668,"d":"16.17"},3,36,{"v":19.833333333333332,"d":"19.83"},3,"wes",1,4,"n.a.","Gansu","han"]
[28,"AR",26,"F",{"v":24.333333333333332,"d":"24.33"},3,27,{"v":2.6666666666666665,"d":"2.67"},1,"wes",1,0,2,"Shandong","han"]
[29,"AD",28,"M",{"v":3,"d":"3.00"},2,"n.a.","n.a.",null,"panel",2,16,6,"Beijing","han"]
[30,"AD",72,"F",{"v":3,"d":"3.00"},2,24,{"v":21,"d":"21.00"},3,"panel",2,44,2,"Shanxi","han"]
[31,"AR",32,"M",{"v":6,"d":"6.00"},2,12,{"v":6,"d":"6.00"},1,"panel",2,22,"n.a.","Liaoning","han"]
[32,"AR",111,"M",{"v":24.333333333333332,"d":"24.33"},3,100,{"v":75.66666666666667,"d":"75.67"},5,"wes",1,9,5,"Hebei","han"]
[33,"AD",101,"M",{"v":2,"d":"2.00"},2,96,{"v":94,"d":"94.00"},5,"wes",1,2,"n.a.","Henan","han"]
[34,"AD",14,"F",{"v":6,"d":"6.00"},2,12,{"v":6,"d":"6.00"},1,"wes",1,4,3,"Hebei","han"]
[35,"AR",10,"M",{"v":14.166666666666666,"d":"14.17"},3,20,{"v":5.833333333333333,"d":"5.83"},1,"n.a.",null,"n.a.","n.a.","Hebei","han"]
[36,"AD",124,"F",{"v":12.166666666666666,"d":"12.17"},2,36,{"v":23.833333333333332,"d":"23.83"},3,"Sanger",3,76,"n.a.","Jiangsu","han"]
[37,"AD",30,"M",{"v":18.166666666666668,"d":"18.17"},3,21,{"v":2.8333333333333335,"d":"2.83"},1,"wes",1,10,4,"Guangdong","han"]
[38,"AR",25,"M",{"v":3,"d":"3.00"},2,24,{"v":21,"d":"21.00"},3,"wes",1,12,2,"Shandong","han"]
[39,"AR",18,"M",{"v":8,"d":"8.00"},2,14,{"v":6,"d":"6.00"},1,"panel",2,2,"n.a.","Beijing","han"]
[41,"AR",16,"F",{"v":9,"d":"9.00"},2,14,{"v":5,"d":"5.00"},1,"panel",2,2,4,"Beijing","han"]
[42,"AR",62,"F",{"v":9,"d":"9.00"},2,14,{"v":5,"d":"5.00"},1,"panel",2,48,8,"Beijing","han"]
[43,"AR",24,"F",{"v":5,"d":"5.00"},2,14,{"v":9,"d":"9.00"},2,"wes",1,8,2,"Shanxi","han"]
[44,"AR",2,"F",{"v":3,"d":"3.00"},2,9,{"v":6,"d":"6.00"},1,"wes",1,3,3,"Hebei","han"]
[45,"AR",13,"M",{"v":6,"d":"6.00"},2,12,{"v":6,"d":"6.00"},1,"wes",1,10,3,"Heilongjiang","han"]
[46,"AR",14,"M",{"v":0.26666666666666666,"d":"0.27"},1,2,{"v":1.7333333333333334,"d":"1.73"},1,"panel",2,16,"n.a.","Beijing","han"]
[47,"AR",60,"M","n.a.","n.a.","n.a.",null,null,"wes",1,1,"n.a.","Beijing","han"]
[48,"AD",27,"M",{"v":2,"d":"2.00"},2,96,{"v":94,"d":"94.00"},5,"panel",2,18,4,"Beijing","han"]
[49,"AD",50,"M",{"v":8,"d":"8.00"},2,48,{"v":40,"d":"40.00"},4,"wes",1,3,"n.a.","Shandong","han"]
[50,"AR",38,"F",{"v":18.166666666666668,"d":"18.17"},3,"n.a.","n.a.",null,"panel",2,3,4,"Hubei","han"]
[51,"AR",19,"M",{"v":10,"d":"10.00"},2,12,{"v":2,"d":"2.00"},1,"wes",1,5,5,"Liaoning","han"]
[52,"AR",51,"M",{"v":1.5666666666666667,"d":"1.57"},2,25,{"v":23.433333333333334,"d":"23.43"},3,"n.a.",null,36,4,"Jiangsu","han"]
[53,"XLR",65,"M",{"v":3,"d":"3.00"},2,60,{"v":57,"d":"57.00"},4,"n.a.",null,2,"n.a.","Jiangsu","han"]
[54,"AR",99,"M",{"v":18.166666666666668,"d":"18.17"},3,66,{"v":47.833333333333336,"d":"47.83"},4,"WES",1,30,4,"Hebei","han"]
[55,"XLR",23,"M",{"v":6,"d":"6.00"},2,12,{"v":6,"d":"6.00"},1,"n.a.",null,8,4,"Hebei","han"]
[56,"XLR",177,"M","n.a.","n.a.",{"$nulls":3},"panel",2,21,"n.a.","Liaoning","han"]
[58,"XLD",34,"M",{"v":6,"d":"6.00"},2,30,{"v":24,"d":"24.00"},3,"wes",1,2,2,"Anhui","han"]
[59,"AR",37,"M",{"v":6,"d":"6.00"},2,18,{"v":12,"d":"12.00"},2,"WES",1,31,4,"Anhui","han"]
[60,"AD",60,"M",{"v":6,"d":"6.00"},2,42,{"v":36,"d":"36.00"},3,"n.a.",null,"n.a.","n.a.","Beijing","han"]
[61,"AD",29,"M",{"v":0.03333333333333333,"d":"0.03"},1,3,{"v":2.966666666666667,"d":"2.97"},1,"panel",2,29,3,"Beijing","han"]
[62,"AD",25,"F",{"v":5,"d":"5.00"},2,7,{"v":2,"d":"2.00"},1,"panel",2,17,"n.a.","Beijing","han"]
[63,"AD",63,"M",{"v":0.1,"d":"0.10"},1,18,{"v":17.9,"d":"17.90"},3,"panel",2,46,4,"Beijing","han"]
[64,"AR",20,"M",{"v":0.03333333333333333,"d":"0.03"},1,18,{"v":17.966666666666665,"d":"17.97"},3,"WES",1,1,3,"Hebei","han"]
[65,"AD",87,"M",{"v":24.333333333333332,"d":"24.33"},3,84,{"v":59.666666666666664,"d":"59.67"},4,"wes",1,1,4,"Beijing","han"]
[66,"AD",20,"F","n.a.","n.a.","n.a.",null,null,"wes",1,1,"n.a.","Shanxi","han"]
[67,"AD",25,"F",{"v":2,"d":"2.00"},2,8,{"v":6,"d":"6.00"},1,"panel",2,22,"n.a.","Zhejiang","han"]
[68,"AR",8,"F",{"v":5,"d":"5.00"},2,"n.a.","n.a.",null,"panel",2,2,"n.a.","Beijing","han"]
[69,"X-link",22,"F",{"v":19.166666666666668,"d":"19.17"},3,"n.a.","n.a.",null,"panel",2,11,"n.a.","Hebei","han"]
[70,"X-link",134,"F",{"v":18.166666666666668,"d":"18.17"},3,132,{"v":113.83333333333333,"d":"113.83"},5,"panel",2,2,2,"Hebei","han"]
[71,"XLD",168,"F",{"v":0.23333333333333334,"d":"0.23"},1,144,{"v":143.76666666666668,"d":"143.77"},5,"WES",1,14,3,"Beijing","han"]
[72,"XLD",27,"M",{"v":3,"d":"3.00"},2,15,{"v":12,"d":"12.00"},2,"wes",1,27,"n.a.","Jiangsu","han"]
[73,"AR",90,"M",{"v":70.83333333333333,"d":"70.83"},4,84,{"v":13.166666666666666,"d":"13.17"},3,"WES",1,90,4,"Beijing","han"]
[74,"AR",40,"M",{"v":24.333333333333332,"d":"24.33"},3,36,{"v":11.666666666666666,"d":"11.67"},2,"panel",2,2,3,"Anhui","han"]
[75,"AR",147,"M",{"v":14.166666666666666,"d":"14.17"},3,24,{"v":9.833333333333334,"d":"9.83"},2,"Sanger",3,105,5,"Inner Mongoria","han"]
[76,"AR",63,"M",{"v":24.333333333333332,"d":"24.33"},3,48,{"v":23.666666666666668,"d":"23.67"},3,"panel",2,13,"n.a.","Beijing","han"]
[77,"AR",27,"M",{"v":3,"d":"3.00"},2,15,{"v":12,"d":"12.00"},2,"panel",2,13,5,"Hebei","han"]
[78,"AR",13,"F",{"v":6,"d":"6.00"},2,20,{"v":14,"d":"14.00"},3,"panel",2,4,2,"Shandong","han"]
[79,"AR",50,"M",{"v":4,"d":"4.00"},2,16,{"v":12,"d":"12.00"},2,"panel",2,27,2,"Shandong","han"]
[80,"AR",19,"M",{"v":3,"d":"3.00"},2,6,{"v":3,"d":"3.00"},1,"wes",1,9,2,"Shandong","han"]
[81,"AR",137,"M",{"v":12.166666666666666,"d":"12.17"},2,24,{"v":11.833333333333334,"d":"11.83"},2,"wes",1,37,"n.a.","Hebei","han"]
[82,"AD",87,"M",{"v":1,"d":"1.00"},1,72,{"v":71,"d":"71.00"},5,"wes",1,5,2,"Beijing","han"]
[83,"AR",4,"M",{"v":0.03333333333333333,"d":"0.03"},1,24,{"v":23.966666666666665,"d":"23.97"},3,"panel",2,16,2,"Shandong","han"]
[84,"AD",86,"M","n.a.","n.a.","n.a.",null,null,"n.a.",null,27,"n.a.","Beijing","han"]
[85,"AD",60,"F",{"v":6,"d":"6.00"},2,30,{"v":24,"d":"24.00"},3,"panel",2,41,5,"Beijing","han"]
[86,"AD",39,"M",{"v":11,"d":"11.00"},2,24,{"v":13,"d":"13.00"},3,"panel",2,23,6,"Hebei","han"]
[88,"AD",42,"F",{"v":6,"d":"6.00"},2,42,{"v":36,"d":"36.00"},3,"wes",1,6,3,"Shandong","han"]
[89,"AD",93,"M",{"v":3,"d":"3.00"},2,72,{"v":69,"d":"69.00"},5,"wes",1,16,4,"Beijing","han"]
[90,"AD",127,"M",{"v":3,"d":"3.00"},2,120,{"v":117,"d":"117.00"},5,"wes",1,4,"n.a.","Shanxi","han"]
[91,"X-link",121,"M",{"v":3,"d":"3.00"},2,108,{"v":105,"d":"105.00"},5,"wes",1,18,4,"Beijing","han"]
[92,"XLD",54,"M",{"v":15.166666666666666,"d":"15.17"},3,"n.a.","n.a.",null,"panel",2,31,6,"Beijing","han"]
[93,"XLD",25,"F",{"v":15.166666666666666,"d":"15.17"},3,"n.a.","n.a.",null,"wes",1,12,"n.a.","Hebei","han"]
[94,"XLD",84,"F",{"v":12.166666666666666,"d":"12.17"},2,84,{"v":71.83333333333333,"d":"71.83"},5,"wes",1,9,2,"Liaoning","han"]
[95,"AD",34,"M",{"v":3,"d":"3.00"},2,9,{"v":6,"d":"6.00"},1,"wes",1,26,"n.a.","Henan","han"]
[96,"AR",25,"M",{"v":3,"d":"3.00"},2,12,{"v":9,"d":"9.00"},2,"wes",1,10,"n.a.","Henan","han"]
[97,"AD",25,"M",{"v":9,"d":"9.00"},2,17,{"v":8,"d":"8.00"},2,"wes",1,10,"n.a.","Heilongjiang","han"]
[98,"AD",40,"M",{"v":8,"d":"8.00"},2,12,{"v":4,"d":"4.00"},1,"panel",2,28,"n.a.","Beijing","han"]
[99,"AD",53,"M",{"v":1.2666666666666666,"d":"1.27"},2,5,{"v":3.7333333333333334,"d":"3.73"},1,"panel",2,10,"n.a.","Beijing","han"]
[100,"AR",33,"M",{"v":3,"d":"3.00"},2,36,{"v":33,"d":"33.00"},3,"panel",2,23,"n.a.","Beijing","han"]
[101,"AD",59,"F",{"v":24.333333333333332,"d":"24.33"},3,"n.a.","n.a.",null,"panel",2,"n.a.",4,"Hebei","han"]
[102,"AD",73,"F",{"v":18.166666666666668,"d":"18.17"},3,"n.a.","n.a.",null,"WES",1,14,3,"Hebei","han"]
[103,"AR",86,"M",{"v":0.06666666666666667,"d":"0.07"},1,72,{"v":71.93333333333334,"d":"71.93"},5,"WES",1,9,6,"Tianjin","han"]
[104,"AR",16,"M",{"v":4,"d":"4.00"},2,10,{"v":6,"d":"6.00"},1,"WES",1,"n.a.","n.a.","Guangxi","han"]
[105,"AD",22,"M",{"v":6,"d":"6.00"},2,18,{"v":12,"d":"12.00"},2,"WES",1,2,"n.a.","Shandong","han"]
[106,"AR",77,"M",{"v":12.166666666666666,"d":"12.17"},2,60,{"v":47.833333333333336,"d":"47.83"},4,"panel",2,23,3,"Shandong","han"]
[107,"AR",95,"F",{"v":12.166666666666666,"d":"12.17"},2,72,{"v":59.833333333333336,"d":"59.83"},4,"panel",2,28,"n.a.","Beijing","han"]
[108,"AD",127,"M",{"v":12.166666666666666,"d":"12.17"},2,72,{"v":59.833333333333336,"d":"59.83"},4,"n.a.",null,"n.a.",7,"Shaanxi","han"]
[109,"XLD",52,"F",{"v":8,"d":"8.00"},2,60,{"v":52,"d":"52.00"},4,"WES",1,1,"n.a.","Jiangsu","han"]
[110,"AR",170,"M",{"v":4,"d":"4.00"},2,144,{"v":140,"d":"140.00"},5,"WES",1,18,5,"Beijing","han"]
[111,"AD",39,"F",{"v":5,"d":"5.00"},2,15,{"v":10,"d":"10.00"},2,"panel",2,24,"n.a.","Beijing","han"]
[]
["note:","n.a: not available"]